Biblioteca ESET

Cuentos policiales : | para chicos curiosos, (Registro nro. 1071)

Detalles MARC
000 -CABECERA
fixed length control field 00424nam a22001457a 4500
003 - CONTROL NUMBER IDENTIFIER
control field AR-BeUNQ
005 - FECHA Y HORA DE LA ULTIMA TRANSACCION
control field 20241206160758.0
020 ## - NUMERO INTERNACIONAL NORMALIZADO PARA LIBROS
Número Internacional Normalizado del libro 97898724143
245 ## - MENCION DE TITULO
Título Cuentos policiales :
Otra información sobre el título para chicos curiosos,
Mención de responsabilidad, etc Tadich, Marta,adap
250 ## - MENCION DE EDICION
Mención de edición 1.ed
260 ## - PUBLICACION, DISTRIBUCION, ETC.
Lugar de publicación, distribución, etc. Buenos Aires :
Nombre del editor, distribuidor, etc. Letra Impresa,
Fecha de publicación, distribución, etc 2008
490 ## - MENCION DE SERIE
Mención de serie La Puerta Secreta
942 ## - ELEMENTOS DE PUNTO DE ACCESO ADICIONAL (KOHA)
Tipo de ítem Koha Libros
Existencias
Estado de retiro Estado de pérdida No para préstamo Ubicación permanente Ubicación actual Ubicación en estantería Fecha de ingreso Signatura topográfica completa Inventario Date last seen Tipo de ítem Koha Operador
      Biblioteca ESET - UNQ Biblioteca ESET - UNQ CIRCULACION 19/11/2024 A863 / CUE 62859 19/11/2024 Libros Gladys Alarcon

ESET UNQ

☏ 4365-7188
 Avenida República de Francia 1714 entre Doctor Kenny y Concordia, Ezpeleta, Bs As.
✉ secretaria_eset@unq.edu.ar

Con tecnología Koha